000 01016nam0a22002291 4500
001 rc\4072030
005 20260406203857.0
035 _a(NLR Aleph) 007965594
090 _a8427372
_c8427372
100 _a20130415a19489999|||y0rusy50 ca
101 0 _arus
102 _aRU
105 _ay z |||||
200 1 _aМетодические материалы
_fКазан. науч.-исслед. ин-т ортопедии и восстановительной хирургии М-ва здрав. РСФСР
210 _aКазань
_cТатгосиздат
_d1948-
710 0 2 _aКазанский НИИ травматологии и ортопедии
_9424559
_3RU\NLR\AUTH\889964171
801 0 _aRU
_bNLR
_gpsbo
801 1 _aRU
_bELAR
_2rusmarc
830 _aПеречень имеющихся в библиотеке томов, номеров, годов этого издания смотри в каталоге периодических изданий
852 _aNLR
_jП16/260
942 _cBOOK
980 _aNB